000 00217nam a22000857a 4500
008 160713b xxu||||| |||| 00| 0 eng d
100 _92747
_a Coulmas, F., et al
245 _aWriting in Focus
260 _aN.Y
_b Mouton
_c1983
999 _c2385
_d2385